Countries that end in Stan, land, or ia - Statistics

General Stats
  • This quiz has been taken 44 times
    19 since last reset
  • The average score is 37 of 53
Answer Stats
Countries % Correct
Afghanistan
88%
Australia
88%
Pakistan
88%
Uzbekistan
88%
Kyrgyzstan
82%
Tajikistan
82%
Albania
76%
Algeria
76%
Cambodia
76%
Ethiopia
76%
Finland
76%
Iceland
76%
India
76%
Ireland
76%
Russia
76%
Saudi Arabia
76%
Armenia
71%
Austria
71%
Georgia
71%
Kazakhstan
71%
Lithuania
71%
Mongolia
71%
Namibia
71%
New Zealand
71%
Poland
71%
Serbia
71%
Somalia
71%
Thailand
71%
Tunisia
71%
Turkmenistan
71%
Bulgaria
65%
Colombia
65%
Estonia
65%
Indonesia
65%
Latvia
65%
Liberia
65%
Mauritania
65%
Romania
65%
Slovakia
65%
Slovenia
65%
Switzerland
65%
Syria
65%
Tanzania
65%
The Gambia
65%
Zambia
65%
Bolivia
59%
Croatia
59%
Malaysia
59%
Nigeria
59%
Micronesia
53%
North Macedonia
53%
Saint Lucia
53%
Czechia
47%
No matching quizzes found
Score Distribution
Percent of People with Each Score
Percentile by Number Answered
Your Score History
You have not taken this quiz since the last reset